| 000 | 00855nam a22002417a 4500 | ||
|---|---|---|---|
| 001 | 9264 | ||
| 003 | FISKH | ||
| 005 | 20251208151532.0 | ||
| 008 | 251208b cb ||||| |||| 00| 0 eng d | ||
| 020 | _a9781405276801 | ||
| 040 |
_aFISKH _beng _cFISKH _dFISKH |
||
| 050 | _aGV1469.M535 N44 | ||
| 082 | _a793.93 | ||
| 100 | _aNeedler, Matthew | ||
| 245 |
_aMinecraft: _bConstruction handbook / |
||
| 250 | _aThis edition published in 2015. | ||
| 260 |
_aLondon ; _bEgmont, _c2014 |
||
| 300 |
_a93 pages : _bcolor illustrations ; _c21 cm |
||
| 520 | _aAn official guide to Minecraft construction shares essential tips and tricks for building creative structures and innovations ranging from theme parks and waterslides to pirate coves and animal cannons. | ||
| 650 |
_aGuidebook _vConstruction _xComputer games |
||
| 942 |
_2ddc _cBK _n0 |
||
| 999 |
_c9264 _d9264 |
||